<?xml version="1.0" encoding="UTF-8"?>
<record
    xmlns:xsi="http://www.w3.org/2001/XMLSchema-instance"
    xsi:schemaLocation="http://www.loc.gov/MARC21/slim http://www.loc.gov/standards/marcxml/schema/MARC21slim.xsd"
    xmlns="http://www.loc.gov/MARC21/slim">

  <leader>03513nam a2200577Ia 4500</leader>
  <controlfield tag="001">5651</controlfield>
  <controlfield tag="008">241029s9999    xx            000 0 und d</controlfield>
  <datafield tag="010" ind1=" " ind2=" ">
    <subfield code="a">5310</subfield>
  </datafield>
  <datafield tag="041" ind1=" " ind2=" ">
    <subfield code="a">Espa&#xF1;ol</subfield>
  </datafield>
  <datafield tag="082" ind1=" " ind2=" ">
    <subfield code="a">N/A</subfield>
  </datafield>
  <datafield tag="245" ind1=" " ind2="0">
    <subfield code="a">Participaci&#xF3;n de los padres, en la gesti&#xF3;n para la mejora del rendimiento escolar, segundo ciclo del Centro Educativo Nuestra Se&#xF1;ora del Carmen, Distrito 07- 03, Castillo; 2015/2016 </subfield>
  </datafield>
  <datafield tag="260" ind1=" " ind2=" ">
    <subfield code="a">Mar&#xED;a Trinidad S&#xE1;nchez</subfield>
  </datafield>
  <datafield tag="300" ind1=" " ind2=" ">
    <subfield code="a">127</subfield>
  </datafield>
  <datafield tag="520" ind1=" " ind2=" ">
    <subfield code="a">26</subfield>
  </datafield>
  <datafield tag="630" ind1=" " ind2=" ">
    <subfield code="a">Comunidad Educativa</subfield>
  </datafield>
  <datafield tag="630" ind1=" " ind2=" ">
    <subfield code="a">Gesti&#xF3;n</subfield>
  </datafield>
  <datafield tag="630" ind1=" " ind2=" ">
    <subfield code="a">Participaci&#xF3;n</subfield>
  </datafield>
  <datafield tag="630" ind1=" " ind2=" ">
    <subfield code="a">Participaci&#xF3;n Comunitaria</subfield>
  </datafield>
  <datafield tag="630" ind1=" " ind2=" ">
    <subfield code="a">Rendimiento Escolar</subfield>
  </datafield>
  <datafield tag="650" ind1=" " ind2=" ">
    <subfield code="a">Gesti&#xF3;n Educativa</subfield>
  </datafield>
  <datafield tag="690" ind1=" " ind2=" ">
    <subfield code="a">Elaborado</subfield>
  </datafield>
  <datafield tag="700" ind1=" " ind2=" ">
    <subfield code="e">asesor</subfield>
    <subfield code="a">Escol&#xE1;stico, Apolinar</subfield>
  </datafield>
  <datafield tag="700" ind1=" " ind2=" ">
    <subfield code="e">autor</subfield>
    <subfield code="a">Sanz Grac&#xED;a, Briceida Antonia </subfield>
  </datafield>
  <datafield tag="700" ind1=" " ind2=" ">
    <subfield code="e">autor</subfield>
    <subfield code="a">Jim&#xE9;nez Paula, Andrea</subfield>
  </datafield>
  <datafield tag="901" ind1=" " ind2=" ">
    <subfield code="a">{"1":"Sanz Grac&#xED;a","2":"Jim&#xE9;nez Paula"}</subfield>
    <subfield code="b">{"1":"Briceida Antonia ","2":"Andrea"}</subfield>
  </datafield>
  <datafield tag="902" ind1=" " ind2=" ">
    <subfield code="a">1</subfield>
  </datafield>
  <datafield tag="903" ind1=" " ind2=" ">
    <subfield code="a">{"1":"Escol&#xE1;stico"}</subfield>
    <subfield code="b">{"1":"Apolinar"}</subfield>
  </datafield>
  <datafield tag="904" ind1=" " ind2=" ">
    <subfield code="a">Maestr&#xED;a en</subfield>
  </datafield>
  <datafield tag="905" ind1=" " ind2=" ">
    <subfield code="a">Gesti&#xF3;n de Centros Educativos</subfield>
  </datafield>
  <datafield tag="906" ind1=" " ind2=" ">
    <subfield code="a">2</subfield>
  </datafield>
  <datafield tag="907" ind1=" " ind2=" ">
    <subfield code="a">NO APLICA</subfield>
  </datafield>
  <datafield tag="908" ind1=" " ind2=" ">
    <subfield code="a">NO APLICA</subfield>
  </datafield>
  <datafield tag="909" ind1=" " ind2=" ">
    <subfield code="a">Universidad Abierta para Adultos, Cibao Oriental (Nagua)</subfield>
  </datafield>
  <datafield tag="910" ind1=" " ind2=" ">
    <subfield code="a">NULL</subfield>
    <subfield code="b">NULL</subfield>
  </datafield>
  <datafield tag="911" ind1=" " ind2=" ">
    <subfield code="a">["1"]</subfield>
  </datafield>
  <datafield tag="912" ind1=" " ind2=" ">
    <subfield code="a">NO APLICA</subfield>
  </datafield>
  <datafield tag="913" ind1=" " ind2=" ">
    <subfield code="a">NULL</subfield>
  </datafield>
  <datafield tag="914" ind1=" " ind2=" ">
    <subfield code="a">01 de Abril de 2016</subfield>
  </datafield>
  <datafield tag="915" ind1=" " ind2=" ">
    <subfield code="a">08/03/17 03:03</subfield>
  </datafield>
  <datafield tag="916" ind1=" " ind2=" ">
    <subfield code="a">NULL</subfield>
  </datafield>
  <datafield tag="917" ind1=" " ind2=" ">
    <subfield code="a">NULL</subfield>
  </datafield>
  <datafield tag="918" ind1=" " ind2=" ">
    <subfield code="a">NO APLICA</subfield>
  </datafield>
  <datafield tag="919" ind1=" " ind2=" ">
    <subfield code="a">["45","111","151","152","177"]</subfield>
  </datafield>
  <datafield tag="520" ind1=" " ind2=" ">
    <subfield code="a">La presente investigaci&#xF3;n lleva por tema: Participaci&#xF3;n de los Padres, en la Gesti&#xF3;n para la mejora del Rendimiento Escolar, Segundo Ciclo del Centro Educativo, Nuestra Se&#xF1;ora del Carmen, Distrito 07- 03, Castillo; 2015/2016&#xA0;Con el prop&#xF3;sito contribuir a la participaci&#xF3;n de los padres en la gesti&#xF3;n para la mejora de los aprendizajes de los estudiantes del Centro Educativo Nuestra Se&#xF1;ora del Carmen.&#xA0;La investigaci&#xF3;n tiene un tipo de metodolog&#xED;a descriptiva. La Muestra: est&#xE1; constituida por los (64) padres madres y tutores que representa el 100%, (64) el total de la muestra de los estudiantes que representa el 100%, (9) docentes que representa el 100%, de igual forma los miembros del equipo de gesti&#xF3;n compuesto por 4 miembros que representara el 100%.Entre las principales conclusiones se tiene:Los padres hacen presencia a veces en el proceso de ense&#xF1;anza y aprendizaje de los estudiantes, aun con el esfuerzo que realizan. Tambi&#xE9;n que los padres mantienen de forma muy t&#xED;mida el compromiso con el proceso de ense&#xF1;anza de sus hijos en el Centro Educativo y tambi&#xE9;n en pocas ocasiones les ayudan en la b&#xFA;squeda de soluciones frente a las necesidades que puedan presentar, denotando esto en que los estudiantes tienen un limitado apoyo de sus padres para la resoluci&#xF3;n de problemas, sabiendo ellos el grado de responsabilidad que debe demostrar por el desarrollo del proceso de formaci&#xF3;n de sus hijosSe recomienda al MINERD dise&#xF1;ar estrategias de acercamiento familiar, para que la gesti&#xF3;n de centro cuente con apoyo directo del ministerio para estrechar las relaciones entre la escuela y los padres de los estudiantes.As&#xED; como dise&#xF1;ar planes de capacitaci&#xF3;n dirigidos a docentes, padres y estudiantes, con el objetivo de presentar elementos que promuevan el fortalecimiento de las relaciones de estos actores educativos.</subfield>
  </datafield>
  <datafield tag="921" ind1=" " ind2=" ">
    <subfield code="a">28</subfield>
  </datafield>
  <datafield tag="922" ind1=" " ind2=" ">
    <subfield code="a">28</subfield>
  </datafield>
  <datafield tag="923" ind1=" " ind2=" ">
    <subfield code="a">0</subfield>
  </datafield>
  <datafield tag="924" ind1=" " ind2=" ">
    <subfield code="a">NO APLICA</subfield>
  </datafield>
  <datafield tag="942" ind1=" " ind2=" ">
    <subfield code="c">Tesis</subfield>
  </datafield>
  <datafield tag="999" ind1=" " ind2=" ">
    <subfield code="c">5310</subfield>
    <subfield code="d">5310</subfield>
  </datafield>
</record>
